000 00896nam a22002297a 4500
008 231006s2019 xxk|||||o|||| 00| 0 eng d
041 _aeng
110 _aRoyal Institution of Chartered Surveyors
245 _aRICS Global Accreditation:
_bPolicy and Process
_h[Electronic resource]
260 _aLondon,
_bRoyal Institution of Chartered Surveyors,
_c2019
300 _a20p.
490 _aversion 1.1
520 _aOutline of the RICS accreditation processes and policy globally.
650 _aACCREDITATION
650 _aEDUCATION
650 _aQUALIFICATION
650 _aSURVEYING PROFESSION
651 _aInternational
710 _aRoyal Institution of Chartered Surveyors
856 _uhttps://www.rics.org/content/dam/ricsglobal/documents/standards/RICS%20Global%20Accreditation%20-%20Policy%20and%20Process%20(1%20Jan%202019).pdf
_zAvailable free on RICS.org
942 _n0
999 _c121674
_d121674